17 US States With International Borders Quiz Stats

 Plays Quiz Updated Jun 27, 2015

Score 0/17 Timer 02:00
1 Play Today
Border State % Correct
MexicoTexas
97.6%
CanadaWashington
97.6%
MexicoNew Mexico
95.9%
MexicoCalifornia
94.9%
CanadaMaine
94.4%
CanadaMichigan
94.3%
CanadaNorth Dakota
94%
MexicoArizona
93.7%
CanadaNew York
93.6%
Border State % Correct
CanadaMontana
92.5%
CanadaVermont
89.7%
CanadaMinnesota
88.6%
CanadaIdaho
86.6%
CanadaNew Hampshire
85.4%
CanadaOhio
77.6%
CanadaPennsylvania
74.3%
CanadaAlaska
69.9%

You're not logged in!

Compare scores with friends on all Sporcle quizzes.
OR
Log In

Sporcle TV

Today on Sporcle TV


Watch our educational content, quiz creation guides, and fun videos on Sporcle TV.

Show Comments

Extras

Top Quizzes Today


Score Distribution

Your Account Isn't Verified!

In order to create a playlist on Sporcle, you need to verify the email address you used during registration. Go to your Sporcle Settings to finish the process.

Report this User

Report this user for behavior that violates our Community Guidelines.

Details: